| 000 | 00579cam a22002053a 4500 | ||
|---|---|---|---|
| 001 | 44117 | ||
| 003 | PGUSA | ||
| 005 | 20140828084014.0 | ||
| 008 | 131106s2013||||xxu|||||s|||||000 | eng d | ||
| 040 |
_aPGUSA _beng |
||
| 042 | _adc | ||
| 100 | 1 |
_aKuprin, A. I. _q(Aleksandr Ivanovich), _d1870-1938 |
|
| 245 | 1 | 4 |
_aThe Duel _h[electronic resource] / _cA. I. Kuprin |
| 260 |
_bProject Gutenberg, _c2013 |
||
| 506 | _aPublic domain in the USA. | ||
| 516 | _aElectronic text | ||
| 830 | 0 |
_aProject Gutenberg _v44117 |
|
| 856 | 4 | 0 | _uhttp://www.gutenberg.org/ebooks/44117 |
| 942 | _cEB | ||
| 999 |
_c273368 _d273368 |
||